Las semillas de la violencia / (Record no. 12000)

MARC details
000 -LEADER
campo de control de longitud fija 00715nam a22002655i 4500
001 - NÚMERO DE CONTROL
campo de control 12000
003 - IDENTIFICADOR DE NÚMERO DE CONTROL
campo de control ES-MaACL
005 - FECHA Y HORA DE LA ÚLTIMA TRANSACCIÓN
campo de control 20230906150222.0
007 - CAMPO FIJO DE DESCRIPCIÓN FÍSICA--INFORMACIÓN GENERAL
campo de control de longitud fija t|
008 - DATOS DE LONGITUD FIJA--INFORMACIÓN GENERAL
campo de control de longitud fija 960221s1995 sp ||||0| spa j
020 ## - NÚMERO INTERNACIONAL ESTÁNDAR DEL LIBRO
Número Internacional Estándar del Libro 84-239-7728-5
040 ## - FUENTE DE CATALOGACIÓN
Centro catalogador/agencia de origen M-BN
Lengua de catalogación spa
Centro/agencia transcriptor M-BN
080 ## - NÚMERO DE LA CLASIFICACIÓN DECIMAL UNIVERSAL
Número de la Clasificación Decimal Universal 316.647.3
100 1# - ENTRADA PRINCIPAL--NOMBRE DE PERSONA
Nombre de persona Rojas Marcos, Luis.
9 (RLIN) 99074
245 14 - MENCIÓN DEL TÍTULO
Título Las semillas de la violencia /
Mención de responsabilidad, etc. Luis Rojas Marcos.
250 ## - MENCION DE EDICION
Mención de edición 10ª ed.
260 ## - PUBLICACIÓN, DISTRIBUCIÓN, ETC.
Lugar de publicación, distribución, etc. Madrid :
Nombre del editor, distribuidor, etc. Espasa-Calpe,
Fecha de publicación, distribución, etc. 1996.
300 ## - DESCRIPCIÓN FÍSICA
Extensión 228 p ;
Dimensiones 21 cm.
490 1# - MENCIÓN DE SERIE
Mención de serie Espasa hoy
500 ## - NOTA GENERAL
Nota general Reimp. de la 1ª ed., 1995.
650 14 - PUNTO DE ACCESO ADICIONAL DE MATERIA--TÉRMINO DE MATERIA
Término de materia o nombre geográfico como elemento de entrada Violencia.
9 (RLIN) 17812
830 0# - PUNTO DE ACCESO ADICIONAL DE SERIE-TÍTULO UNIFORME
Título uniforme Espasa hoy
9 (RLIN) 179010
852 ## - LOCALIZACIÓN
Ubicación ES-MaACL
Número de control de estantería L-19306
Sublocalización o colección R.125585
Holdings
Estatus retirado Estado de pérdida Estado de daño No para préstamo Biblioteca de origen Biblioteca actual Ubicación en estantería Fecha de adquisición Fuente de adquisición Total de préstamos Signatura topográfica completa Código de barras Visto por última vez Precio de reemplazo Tipo de ítem Koha
        Biblioteca del Ateneo de Madrid Biblioteca del Ateneo de Madrid Depósito 2 17/01/2008     L-19306 1012227 23/02/2023 23/02/2023 Libro impreso